00338nam a22001337a 450000500170000000800410001702000220005804100080008008200080008810000390009624500260013526000350016130000080019620170925153144.0170925b xxu||||| |||| 00| 0 eng d a978-93-80856-45-2 aeng a660 aPillai,Dr. Shibu G. Chauhan,Dr.B.S aEngineering Chemistry aBangalurubUniversity Science  a461